000 02991cam a2200421 i 4500
999 _c8297
_d8297
001 18193455
003 GBCCL
005 20241126110647.0
008 140619s2014 nyu b 000 0 eng
010 _a 2014019130
020 _a9781455549702 (hardback)
020 _z9781478930228 (audiobook)
020 _z9781478982586 (audio download)
040 _aDLC
_beng
_cDLC
_erda
_dDLC
042 _apcc
050 0 0 _aBV4909
_b.Z33 2014
082 0 0 _a231.8
_223
_bZAC
084 _aREL067030
_aREL012010
_aREL012120
_2bisacsh
100 1 _aZacharias, Ravi K.
_987
245 1 0 _aWhy suffering? :
_bfinding meaning and comfort when life doesn't make sense /
_cRavi Zacharias and Vince Vitale.
250 _aFirst edition.
264 1 _aNew York :
_bFaithWords,
_c2014.
300 _a230 pages ;
_c24 cm
336 _atext
_2rdacontent
337 _aunmediated
_2rdamedia
338 _avolume
_2rdacarrier
504 _aIncludes bibliographical references.
520 _a"Why would a loving and powerful God allow so much pain and suffering? In WHY SUFFERING? Ravi Zacharias and Vince Vitale carefully walk you through a variety of responses that considered together provide a clear, comprehensive, and convincing answer. Responses like: Where there is the possibility of love, there has to be the reality of freedom, and therefore the possibility of pain. Wishing God had made a different world is to wish yourself out of existence. The cross is the key to a compelling and rational explanation for trusting in God in the face of suffering. In comparison with other world religions, the Christian response is highly distinctive. The reality of evil only makes sense in light of the reality of divine goodness. Relational knowledge about God takes the argument beyond reason to the presence of God amidst suffering. God's decision to allow temporal suffering is understandable when viewed from an eternal perspective. Divine goodness shows how to conquer not in spite of, but even through suffering. Here is a book written with great respect for the complexity of the issue, recognizing that some who read it will be in the trenches of deep suffering themselves and others questioning the very existence of a loving God. WHY SUFFERING? provides an answer to the problem of pain and suffering with emotional sensitivity and intellectual integrity"--
_cProvided by publisher.
650 0 _aSuffering
_xReligious aspects
_xChristianity.
_9472
650 0 _aPain
_xReligious aspects
_xChristianity.
_97824
650 7 _aRELIGION / Christian Theology / Apologetics.
_2bisacsh
_914402
650 7 _aRELIGION / Christian Life / Death, Grief, Bereavement.
_2bisacsh
_914403
650 7 _aRELIGION / Christian Life / Spiritual Growth.
_2bisacsh
_914404
700 1 _aVitale, Vince.
_914405
906 _a7
_bcbc
_corignew
_d1
_eecip
_f20
_gy-gencatlg
942 _2ddc
_cBK
_04